[Event "Ardennes-ch 0102"]
[Site "Ardennes"]
[Date "2001.??.??"]
[Round "?"]
[White "Truchot, Rene"]
[Black "Gillet, Thibault"]
[Result "1-0"]
[WhiteElo "1800"]
[BlackElo "1420"]
[PlyCount "35"]
[EventDate "2001.??.??"]
[EventType "swiss"]
[EventRounds "9"]
[EventCountry "FRA"]
[SourceTitle "EXT 2008"]
[Source "ChessBase"]
[SourceDate "2007.11.25"]
[SourceVersion "1"]
[SourceVersionDate "2007.11.25"]
[SourceQuality "1"]

1. e4 e5 2. Nf3 Nc6 3. Bc4 Nf6 4. Nc3 Bc5 5. Na4 Bb4 6. a3 Bd6 7. Nc3 Bc5 8. Na4 Bd4 9. c3 Na5 10. Bxf7+ Kxf7 11. cxd4 d6 12. dxe5 dxe5 13. Nxe5+ Ke6 14. d4 Nxe4 15. 0-0 Rf8 16. Qd3 Nf6 17. Nc4 Ke7 18. Re1+ 1-0